000 00809nam a2200205 a 4500
001 000040037
005 20201002033859.0
008 130802s2008 mx 000 0 spa d
020 _a9789703208029
040 _aDO-SdBNP
_bspa
_cBNPHU
100 1 _aCortés, Hernán,
_d1485-1547
_966280
245 1 0 _aLa gran Tenochtitlan /
_cHernán Cortés ; presentación de Ernesto de la Torre Villar.
260 _aMéxico :
_bUniversidad Nacional Autónoma de México
_bDirección General de Publicaciones y Fomento Editorial,
_c2008.
300 _a31 p. ;
_c16 cm.
490 1 _aPequeños grandes ensayos
_v9
500 _aSegunda reimpresión 2011
700 1 _aTorre Villar, Ernesto de la
_epres.
_966281
710 2 _aUniversidad Nacional Autónoma de México
_942447
830 0 _aPequeños grandes ensayos
_v9
_966274
999 _c39527
_d39527